Регионална библиотека "Любен Каравелов" - Русе

Неделя вечер (Запис номер 198905)

MARC детайли
000 -Лидер
Контролно поле с фиксирана дължина 01199nam a2200301 c 4500
003 - Код на организацията, давaща контролен номер
Контролно поле BLK
005 - Дата и час на последна редакция
Контролно поле 20180422120308.0
008 - Елементи от данни с фиксирана дължина
fixed length control field 180411b bul|||||r ||||||| ||bul||
010 ## - Наследен системен номер
LC control number KNG00208267000
040 ## - Източник на каталожния запис
Идентификатор на билиотеката - собственик на записа BLK
041 ## - Код за език
Код за езика на текст/звукозапис или на отделно заглавие Български
Код за езика КДБФ Български
080 ## - УДК
Текстов определител УДК Португалска литература
УДК код - определител по УДК 821.134.3
УДК определител -31
УДК - код + определител 821.134.3-31
100 1# - Редна дума - Автор
Автор Намора, Фернанду
Авторска отговорност първи автор
R(LIN) 100537
139 ## - Редно поле
Редна дума Намора, Фернанду
Авторски знак Нам - Н 20
245 10 - Сведения за заглавието
Заглавие Неделя вечер
Подзаглавни данни Роман
Редно поле (дума) Фернанду Намора; прев. от португ. Румяна Генова; предг. от Емилия Юлзари.
257 ## - Страна на издаване
Страна на създаване/издаване Португалия
260 ## - Област на издателските данни
-- Пловдив
Име на издателя, разпространителя и проч. Христо Г. Данов
Година на издаване 1990
Печатница София : Д. Благоев
300 ## - Физическа характеристика
Страници 149 с.
Размери/Мащаб 20 см
380 ## - Жанр
Жанр Худож. лит.
500 ## - Общи забележки
Забележка Ориг. загл. Domingo a tarde / Fernando Namora. - Без тир.
700 1# - Други автори (авторска отговорност)
Лично име Генова, Румяна
Автороска отговорност (Описва отношението между автора и произведението) прев. от португ.
9 (RLIN) 344290
700 1# - Други автори (авторска отговорност)
Лично име Юлзари, Емилия
Автороска отговорност (Описва отношението между автора и произведението) предг. от
9 (RLIN) 368326
852 ## - Местоположение
Форматна сигнатура Цб 162113
856 4# - Електронен адрес и достъп
Електронен формат pdf - файл
Път до файла /url/
856 4# - Електронен адрес и достъп
Електронен формат pdf - файл
Път до файла /url/
942 ## - АРТИКУЛИ
Вид на библиотечния материал Книги
Скрит в OPAC Не
944 ## - СЪЗДАВАНЕ И РЕДАКЦИЯ на ЗАПИСА
Създаване/Редакция Създаване
Дата на регистрацията/редакция 19.06.2017
Служител, извършил регистрацията/редакцията Кети_Илиева
944 ## - СЪЗДАВАНЕ И РЕДАКЦИЯ на ЗАПИСА
Създаване/Редакция Редакция
Дата на регистрацията/редакция 19.06.2017
Служител, извършил регистрацията/редакцията Кети_Илиева
999 ## - СИСТЕМНИ КОНТРОЛНИ НОМЕРА
Koha biblionumber 198905
Koha biblioitemnumber 198905
Наличности
Код за отписване Код за изгубен артикул Източник на класификационната схема Код за повреда Коз за рестрикции Код за отдаване Артикулен № Име на библиотеката - собственик Име на библиотеката, в която се намира в момента Статус (Текущо местоположение) Дата на вписване в системата Местоположение - отдел Цена в лева Инвентарен номер Систематично азбучна сигнатура Баркод Номер на екземпляра Цена в евро Служебна бележка Служебен тип на артикула
  Не е изгубен Universal Decimal Classification Не е повреден без рестрикции ползва се в читалня 345636 Регионална библиотека "Любен Каравелов" Русе Регионална библиотека "Любен Каравелов" Русе Хранилище 1990-01-01 Хранилище 0.94 532443 Цб 162113 120000532443 1 0.48 Вид: Сф Дата: 01.01.1990 Книги
Изтеглен Не е изгубен Universal Decimal Classification Не е повреден без рестрикции заемане за дома 345637 Регионална библиотека "Любен Каравелов" Русе Регионална библиотека "Любен Каравелов" Русе Заемна - подръчен фонд 1990-01-01 Заемна - подръчен фонд 0.94 533271 П 869.0-31/Н 20 533271 2 0.48 Вид: Сф Дата: 01.01.1990 Книги
Изтеглен Не е изгубен Universal Decimal Classification Не е повреден без рестрикции заемане за дома 345638 Регионална библиотека "Любен Каравелов" Русе Регионална библиотека "Любен Каравелов" Русе Заемна - подръчен фонд 1990-01-01 Заемна - подръчен фонд 0.94 533275 П 869.0-31/Н 20 533275 3 0.48 Вид: Сф Дата: 01.01.1990 Книги
Vip Innovations Ltd, Rousse, Bulgaria 2025